| 000 -LEADER |
| fixed length control field |
02032 a2200229 4500 |
| 003 - CONTROL NUMBER IDENTIFIER |
| control field |
OSt |
| 005 - DATE AND TIME OF LATEST TRANSACTION |
| control field |
20180116182908.0 |
| 008 - FIXED-LENGTH DATA ELEMENTS--GENERAL INFORMATION |
| fixed length control field |
170809b xxu||||| |||| 00| 0 eng d |
| 020 ## - INTERNATIONAL STANDARD BOOK NUMBER |
| International Standard Book Number |
9698784624 (hardcover) |
| 020 ## - INTERNATIONAL STANDARD BOOK NUMBER |
| International Standard Book Number |
9789698784621 (hardcover) |
| 040 ## - CATALOGING SOURCE |
| Transcribing agency |
0 |
| 082 ## - DEWEY DECIMAL CLASSIFICATION NUMBER |
| Classification number |
338.9072954 SDP 2008 |
| 100 ## - MAIN ENTRY--PERSONAL NAME |
| Personal name |
SDPI Sama Educational & Publishing Services |
| 110 ## - MAIN ENTRY--CORPORATE NAME |
| Corporate name or jurisdiction name as entry element |
SDPI Sama Educational & Publishing Services |
| 245 00 - TITLE STATEMENT |
| Title |
Sustainable Solutions : |
| Remainder of title |
A Spotlight on South Asian Research. |
| Statement of responsibility, etc. |
SDPI Sama Educational & Publishing Services |
| 260 ## - PUBLICATION, DISTRIBUTION, ETC. |
| Place of publication, distribution, etc. |
[S.l.] : |
| Name of publisher, distributor, etc. |
Sama Editorial and Publishing Services, |
| Date of publication, distribution, etc. |
2008. |
| 300 ## - PHYSICAL DESCRIPTION |
| Extent |
257 p. ; |
| Dimensions |
25 cm. |
| Other physical details |
HB |
| 440 ## - SERIES STATEMENT/ADDED ENTRY--TITLE |
| Title |
Sustainable Solutions : |
| 520 ## - SUMMARY, ETC. |
| Summary, etc. |
Whether research can play a role in offering solutions to the challenges being faced by sustainable development is a much-debated question. Policy researchers at the Tenth Sustainable Development Conference, "Sustainable Solutions: A Spotlight on South Asian Research", deliberated not only the predicament of formulating the right research questions, but also took the opportunity to discuss the political economy of research itself i.e.,: is it supply or demand driven; what is meant by sustainable development and who are its stakeholders; and, why are researchers not able to diagnose the problems correctly, or why after having diagnosed them, they cannot suggest the right solutions. This anthology contains some of the papers presented at the Conference. Research on real life problems ranging from misconceived historical perspectives in South Asia, threatened livelihoods, policy-led disaster management, challenges and opportunities offered by trade liberalisation and globalisation, and the neglected role of women in coping with the challenges of non-sustainable development, are presented to give the reader an idea of the complexity and interdependency of these issues. |
| 856 40 - ELECTRONIC LOCATION AND ACCESS |
| Materials specified |
Amazon.com |
| Uniform Resource Identifier |
<a href="http://www.amazon.com/exec/obidos/ASIN/9698784624/chopaconline-20">http://www.amazon.com/exec/obidos/ASIN/9698784624/chopaconline-20</a> |
| 942 ## - ADDED ENTRY ELEMENTS (KOHA) |
| Institution code [OBSOLETE] |
NBS |
| Koha item type |
Book |
| Call number prefix |
338.9072954 SDP 2008 |
| Source of classification or shelving scheme |
|